Countries Hernan Cortes visited - Statistics

General Stats
  • This quiz has been taken 61 times
  • The average score is 5 of 6
Answer Stats
Continent Country % Correct
North America Mexico
96%
Europe Spain
90%
North America Cuba
85%
North America Dominican Republic
71%
Africa Algeria
60%
North America Honduras
50%
No matching quizzes found
Score Distribution
Percent of People with Each Score
Percentile by Number Answered
Your Score History
You have not taken this quiz